000 00840nam a22002657a 4500
001 76378
003 UA-OsUOA
005 20230915115301.0
007 ta
008 20110630b un ||||| |||| 00| 0 ukr d
020 _a5862480633
040 _aUA-OsUOA
_bukr
_cUA-OsUOA
_dUA-OsUOA
041 _aukr
080 _a821.161.2
090 _a821.161.2
_bЯ22
100 _aЯворівський В.
245 _aІ засурмив янгол...
_bв 3 т.
_cВ. Яворівський
260 _aК.
_bГлобус
_c1993
300 _a334 с.
505 _gТ. 2
_tНовели, повість, роман
650 7 _a821 Художня література окремими мовами і мовними сім'ями
_2UDC
942 _cBK
_2udc
955 _a3
999 _c362681
_d362681